书目信息 |
| 题名: |
光电子和俄歇能谱学
|
|
| 作者: | Carlson , 卡尔森 著 ;王殿勋 , 郁向荣 译 | |
| 分册: | ||
| 出版信息: | 北京 科学出版社 1983 |
|
| 页数: | 406页 | |
| 开本: | 21cm | |
| 丛书名: | ||
| 单 册: | ||
| 中图分类: | O572.3 | |
| 科图分类: | ||
| 主题词: | 光电子-能谱 , 能谱-光电子 , 能谱-俄歇电子 , 俄歇电子-能谱 | |
| 电子资源: | ||
| ISBN: | ||
| 000 | 00973nam0 2200325 45 | |
| 001 | 0183012081 | |
| 005 | 20060816084216.76 | |
| 010 | @dCNY2.45 | |
| 091 | @aCN@b13031.2107 | |
| 100 | @a19950724d1983 em y0chiy0121 ea | |
| 101 | 1 | @achi@ceng |
| 102 | @aCN@b110000 | |
| 105 | @ay z 000yy | |
| 200 | 10 | @a光电子和俄歇能谱学@Aguang dian zi he e xie neng pu xue@f(美)卡尔森(T.A.Carlson)著@g王殿勋,郁向荣译 |
| 210 | @a北京@c科学出版社@d1983 | |
| 215 | @a406页@d21cm | |
| 300 | @a书名原文:Photoelectron and Auger spectroscopy | |
| 510 | 1 | @aPhotoelectron and Auger spectroscopy@zeng |
| 606 | @a光电子-能谱 | |
| 606 | @a能谱-光电子 | |
| 606 | @a能谱-俄歇电子 | |
| 606 | @a俄歇电子-能谱 | |
| 690 | @aO572.3@v3 | |
| 701 | A1 | @aCarlson@bT.A.@4著 |
| 701 | 1 | @a卡尔森@Aka er sen@bT.A.@f美@4著 |
| 702 | 0 | @a王殿勋@Awang dian xun@4译 |
| 702 | 0 | @a郁向荣@Ayu xiang rong@4译 |
| 801 | 2 | @aCN@bNLC@c20060816 |
| 801 | 0 | @aCN@bTSSF |
| 905 | @a10447@dO572.3@e20 | |
| 光电子和俄歇能谱学/(美)卡尔森(T.A.Carlson)著/王殿勋,郁向荣译.-北京:科学出版社,1983 |
| 406页;21cm |
| 书名原文:Photoelectron and Auger spectroscopy |
| ISBN :CNY2.45 |
| ● |
| 相关链接 |
|
|
|
|
正题名:光电子和俄歇能谱学
索取号:O572.3/20
 
预约/预借
| 序号 | 登录号 | 条形码 | 馆藏地/架位号 | 状态 | 备注 |
| 1 | 0461734 | 204617343 | 密集书库/ [索取号:O572.3/20] | 在馆 |